Normal view
MARC view
Entry Topical Term
001 - CONTROL NUMBER
- control field: 24894
003 - CONTROL NUMBER IDENTIFIER
- control field: BD-DhEWU
005 - DATE AND TIME OF LATEST TRANSACTION
- control field: 20191201154711.0
008 - FIXED-LENGTH DATA ELEMENTS
- fixed length control field: 191201|| aca||aabn | a|a d
040 ## - CATALOGING SOURCE
- Original cataloging agency: BD-DhEWU
- Transcribing agency: BD-DhEWU
150 ## - HEADING--TOPICAL TERM
- Topical term or geographic name as entry element: Civil procedure
670 ## - SOURCE DATA FOUND
- Source citation: Work cat.: (BD-DhEWU): Thakker, C.K. 24893, Civil procedure with limitation act, 1963 and chapter on commercial courts /, 2017